|
|
|
|
| LEADER |
01132nam a2200229 i 4500 |
| 001 |
10003166 |
| 003 |
GR-PaULI |
| 005 |
20230913120806.0 |
| 008 |
881025s2009 gr f 1 p gre d |
| 020 |
|
|
|a 9789601702698
|
| 040 |
|
|
|a GR-PaULI
|c GR-PaULI
|b gre
|e AACR2
|
| 082 |
0 |
4 |
|a 889.134
|2 23
|
| 100 |
1 |
|
|9 29531
|a Αρμάος, Δημήτρης,
|d 1959-2015,
|e συγγραφέας
|
| 245 |
1 |
0 |
|a Βίαιες εντυπώσεις :
|b των ετών 1975-2007 : βιβλίο στίχων /
|c Δημήτρης Αρμάος ; προμετωπίδα και δώδεκα σχέδια του Αλέξη Ταμουρά.
|
| 260 |
|
|
|a Αθήνα :
|b Ύψιλον/βιβλία,
|c 2009.
|
| 300 |
|
|
|a 413 σ., 12 φύλλα με πίνακες ;
|b 21 εκ.
|
| 500 |
|
|
|a Περιλαμβάνει ευρετήριο.
|
| 700 |
1 |
|
|a Ταμπουράς, Αλέξης
|e εικονογράφος
|9 199965
|
| 942 |
|
|
|2 ddc
|c BK
|
| 952 |
|
|
|0 0
|1 0
|2 ddc
|4 0
|6 889_134000000000000_ΑΡΜ
|7 0
|9 373913
|a LISP
|b LISP
|c BSC
|d 2018-10-10
|i 138382
|l 0
|o 889.134 ΑΡΜ
|p 025000259203
|r 2023-09-13 00:00:00
|t 1
|w 2023-09-13
|y BK15
|
| 998 |
|
|
|c ΓΚΟΓΚΟΥ
|d 2023-09
|
| 999 |
|
|
|c 218089
|d 218089
|